| 000 | 00381nam a2200133Ia 4500 | ||
|---|---|---|---|
| 005 | 20251222143257.0 | ||
| 008 | 251222s9999||||xx |||||||||||||| ||spa|| | ||
| 020 | _a84-86809-27-4 | ||
| 082 | _a341.236/J55 | ||
| 100 | _aJiménez Piernas, Carlos | ||
| 245 | 0 | _aLa Conducta Arriesgada y la Responsabilidad Internacional del Estado | |
| 264 | _bUniversidad de Alicante | ||
| 942 | _cLIB | ||
| 999 |
_c15191 _d15191 |
||